| 000 | 00711nam a2200193 i 4500 | ||
|---|---|---|---|
| 001 | 41916 | ||
| 003 | ES-MaACL | ||
| 005 | 20260127062527.0 | ||
| 007 | t| | ||
| 008 | 030312s1954 sp ||||1| spa d | ||
| 100 | 1 |
_aCastán Tobeñas, José, _d1889-1969 _936392 |
|
| 245 | 1 | 3 |
_aLa idea de justicia, hoy ¿crisis? ¿apogeo? / _cdiscurso leído por José Castán Tobeñas. |
| 260 |
_aMadrid : _bInstituto Editorial Reus, _c1954 ( _fGráfs. González) |
||
| 300 |
_a50 p. ; _c24 cm. |
||
| 500 | _aPrecede al tít.: Real Academia de Jurisprudencia y Legislación. | ||
| 700 |
_aReal Academia de Jurisprudencia y Legislación de España _9217612 |
||
| 852 |
_aES-MaACL _j2043-F-4 _bR.55509 |
||
| 999 |
_c41916 _d41916 |
||